000 00838cam a22002777a 4500
003 CHAP
005 20220329133919.0
008 971013s1971 r 00010 d
010 _a12629
011 _a13601
035 _a17673
040 _cCHAP
082 _a025.43
_bB3
100 0 0 _aBatty, C. D.
_eed.
_910834
245 1 3 _aAn introduction to the eighteenth edition of the Dewey Decimal Classification
260 _aLondon :
_bBingley,
_c1971
300 _a161 p.
590 _aBATCH-UPD
_b10
_c20130110
_lUCH01
_h2058
590 _aBATCH-UPD
_b10
_c20130410
_lUCH01
_h1411
590 _aBATCH-UPD
_b10
_c20130914
_lUCH01
_h0614
590 _aCONVERSION
_b10
_c20130109
_lUCH01
_h1308
650 1 4 _aClasificación decimal de Dewey.
_923676
901 _aBK
942 _cLIBRO
949 _a025.43 B3
_bBC
_cB
_d-41529
_eB
_h61960
_i17673
_si
999 _c12629
_d12629